Zeitschrift für vergleichende Sprachforschung auf dem Gebiete der indogermanischen Sprachen.
| New Title: | Zeitschrift für vergleichende Sprachforschung |
|---|---|
| Previous Title: | Zeitschrift für vergleichende Sprachforschung auf dem Gebiete des deutschen, griechischen und lateinischen Beiträge zur vergleichende Sprachforschung auf dem Gebiete der arischen, celtischen und slawischen Sprachen Beiträge zur Kunde der indogermanischen Sprachen |
| Other Authors: | |
| Format: | Journal |
| Language: | German |
| Published: |
Berlin :
Ferd. Dümmlers Verlagsbuchhandlung,
1877-1967.
|
| Subjects: | |
| Online Availability: |
|
MARC
| Tag | First Indicator | Second Indicator | Subfields |
|---|---|---|---|
| LEADER | 00000cas a2200000 a 4500 | ||
| 001 | in00002786863 | ||
| 005 | 20151202172139.0 | ||
| 006 | m o d | ||
| 007 | cr bn||||||abp | ||
| 007 | cr bn||||||ada | ||
| 008 | 110418d18771967gw qx poo 0 0ger c | ||
| 010 | |a 2011235794 | ||
| 016 | 7 | |a 012429679 |2 Uk | |
| 022 | |l 0937-2229 |y 0937-2229 | ||
| 029 | 1 | |a NZ1 |b 13876576 | |
| 035 | |a (OCoLC)ocn713113190 | ||
| 035 | |a (OCoLC)713113190 | ||
| 040 | |a OCLCE |b eng |c OCLCE |d EYM |d HUL |d UKMGB |d OCLCQ |d TXA |d UtOrBLW | ||
| 042 | |a dlr |a pcc | ||
| 049 | |a TXAM | ||
| 050 | 4 | |a P501 |b .Z5 Electronic | |
| 082 | 0 | 4 | |a 410/.5 |2 19 |
| 245 | 0 | 0 | |a Zeitschrift für vergleichende Sprachforschung auf dem Gebiete der indogermanischen Sprachen. |
| 264 | 1 | |a Berlin : |b Ferd. Dümmlers Verlagsbuchhandlung, |c 1877-1967. | |
| 310 | |a 4 no. a year, |b 1892-1967 | ||
| 321 | |a Six no. a year, |b 1877-1890 | ||
| 336 | |a text |b txt |2 rdacontent | ||
| 337 | |a computer |b c |2 rdamedia | ||
| 338 | |a online resource |b cr |2 rdacarrier | ||
| 362 | 0 | |a Bd. 23, Heft 1 (1877)-81. Band, 3./4. Heft (1967). | |
| 500 | |a Title from PDF volume title page (JSTOR, viewed July 22, 2011). | ||
| 500 | |a Published: Gütersloh : C. Bertelsmann, 1887-1907; Göttingen : Vandenhoeck & Ruprecht, 1907-1967. | ||
| 515 | |a Suspended 1945-1947. | ||
| 515 | |a Bd. 23-40 also called neue Folge Bd. 3-20. | ||
| 555 | |a Vols. 1 (1851)-100 (1987). (Includes index to earlier title: Zeitschrift für vergleichende Sprachforschung auf dem Gebiete des deutschen, griechischen und lateinischen, and later title: Zeitschrift für vergleichende Sprachforschung.) 1 v. | ||
| 580 | |a Formed by the union of: Zeitschrift für vergleichende Sprachforschung auf dem Gebiete des deutschen, griechischen und lateinischen, and: Beiträge zur vergleichende Sprachforschung auf dem Gebiete der arischen, celtischen und slawischen Sprachen. (Continues numbering of former title.). | ||
| 506 | |3 Use copy |f Restrictions unspecified |2 star |5 MiAaHDL | ||
| 533 | |a Electronic reproduction. |b [S.l.] : |c HathiTrust Digital Library, |d 2011. |5 MiAaHDL | ||
| 583 | 1 | |a digitized |c 2011 |h HathiTrust Digital Library |l committed to preserve |2 pda |5 MiAaHDL | |
| 500 | |a Electronic resource. | ||
| 650 | 0 | |a Indo-European philology |v Periodicals. | |
| 650 | 1 | 7 | |a Vergelijkende taalwetenschap. |2 gtt |
| 650 | 6 | |a Philologie indo-européenne |v Périodiques. | |
| 700 | 1 | |a Kuhn, Adalbert, |d 1812-1881. | |
| 770 | 0 | |t Beiträge zur vergleichenden Sprachforschung auf dem Gebiete der arischen, celtischen und slawischen Sprachen | |
| 776 | 0 | 8 | |i Print version: |t Zeitschrift für vergleichende Sprachforschung auf dem Gebiete der indogermanischen Sprachen |x 0937-2229 |w (DLC) 10032846 |w (OCoLC)7054927 |
| 780 | 1 | 4 | |t Zeitschrift für vergleichende Sprachforschung auf dem Gebiete des deutschen, griechischen und lateinischen |w (DLC) 2011235795 |w (OCoLC)713122469 |
| 780 | 1 | 4 | |t Beiträge zur vergleichende Sprachforschung auf dem Gebiete der arischen, celtischen und slawischen Sprachen |
| 780 | 0 | 5 | |t Beiträge zur Kunde der indogermanischen Sprachen |g 1907 |
| 785 | 0 | 0 | |t Zeitschrift für vergleichende Sprachforschung |w (DLC) 2011235793 |w (OCoLC)567595477 |
| 948 | |a cataloged |b h |c 2012/12/19 |d c |e spoltoratski |f 11:32:23 am |g sc | ||
| 994 | |a C0 |b TXA | ||
| 999 | |a MARS | ||
| 999 | f | f | |s d0e5d176-736a-3d82-b452-bd355529a108 |i 68eaf945-fdb6-31f4-851f-d3a55a39b7fc |t 0 |
| 952 | f | f | |a Texas A&M University |b College Station |c Electronic Resources |d Available Online |t 0 |e P501 .Z5 |g Electronic |h Library of Congress classification |
| 998 | f | f | |a P501 .Z5 |t 0 |l Available Online |